| 000 | 00556nam a2200229Ia 4500 | ||
|---|---|---|---|
| 008 | 170918s9999 xx 000 0 und d | ||
| 020 | _a9780545200363 | ||
| 050 | _bB632be 2008 | ||
| 100 | _aBlade, Adam | ||
| 245 | 4 | _aThe dark realm : | |
| 245 | _bsting the scorpion man / | ||
| 245 | _cby Adam Blade ; illustrated by Ezra Tucker. | ||
| 260 | _aNew York : | ||
| 260 | _bScholastic, | ||
| 260 | _c2008 | ||
| 300 | _a75 pages : | ||
| 300 | _billustrations ; | ||
| 300 | _c19cm. | ||
| 300 | _eBeast Quest ; | ||
| 440 | _a18 | ||
| 500 | _a790 | ||
| 999 |
_c344208 _d344208 |
||